000 00600nam a22001817a 4500
003 UA-OsUOA
001 10072
007 ta
008 20041228b un ||||| |||| 00| 0 ukr d
100 _aБалита О . В .
942 _cSA
040 _aUA-OsUOA
_cUA-OsUOA
_dUA-OsUOA
245 _aФінансово - економічні підходи до проблеми розвитку людського капіталу в Україні
300 _aС.58 - 64
955 _a0
773 0 _w0
_tФінанси України
_dКиїв
_d2004
_g№12
650 7 _aЛюдський капітал
_2UDC
999 _c296233
_d296233